| 000 | 00449pab a2200169 454500 | ||
|---|---|---|---|
| 008 | 180718b1999 xxu||||| |||| 00| 0 eng d | ||
| 100 | _aSundarajan, Surendra | ||
| 245 | _aA `key factors for success' approach to asset-liability management | ||
| 260 | _c1999 | ||
| 300 | _ap.29-32 | ||
| 362 | _aSep | ||
| 650 | _aBanks | ||
| 650 | _aManagement | ||
| 650 | _aAsset liability management | ||
| 773 | _aASCI Journal of Management | ||
| 909 | _a45879 | ||
| 999 |
_c45879 _d45879 |
||